00439nam a2200157Ia 45000010006000000050017000060080041000230410008000640820019000721000039000912450098001302600009002283000028002376500008002656540008002731865120260306171646.0260306s9999||||xx |||||||||||||| ||und|| aESP a658.40936bA49 aÁlvarez del Blanco, RobertoeAUT 0aTú marca personal:bgestiona tu vida con talento y conviértela en una experiencia única c2008 a310 páginas :c21 cm. aGEN aCAN